000
003060000a22001450004500
041
0
_a
SPA
082
0
4
_a
G 863 I15c
100
1
_a
Icaza, Jorge (1906-)
245
1
0
_a
Cholos / Jorge Icaza
250
_a
3
260
_a
Bogotá, Colombia : Plaza y Janés
300
_a
287 Pag
001
11103
942
_c
BK
999
_c
40473
_d
40473